| 000 | 00725pam a2200229 a 4500 | ||
|---|---|---|---|
| 999 |
_c12628 _d12628 |
||
| 003 | OSt | ||
| 005 | 20240429192453.0 | ||
| 008 | 850718r19851984ilua b 001 0 eng | ||
| 020 | _a9780500295335 | ||
| 082 | 0 | 0 |
_a745.2 _219 _bPAP |
| 100 | 1 | _aPapanek, Victor J. | |
| 245 | 1 | 0 |
_aDesign for the real world : _bhuman ecology and social change / _cVictor Papanek. |
| 250 | _a3rd ed., | ||
| 260 |
_aChicago, Ill. : _bAcademy Chicago, _c2019 |
||
| 300 |
_axxi, 394 p. : _bill. ; _c21 cm. |
||
| 500 | _aReprint. Originally published: New York : Van Nostrand Reinhold, c1984. | ||
| 500 | _aIncludes index. | ||
| 504 | _aBibliography: p. 351-385. | ||
| 650 | 0 | _aIndustrial design. | |
| 650 | 0 | _aHuman engineering. | |
| 942 | _2ddc | ||